000 00482nam a2200181 4500
001 VA14276
003 ES-SlBCS
005 20210601153536.0
008 140520s1967 xxu||||| |||| 00| 0 spa d
041 _aspa
100 1 _aBrugarola, Martín
_925895
245 1 0 _aSociología y teología de la natalidad
_cMartín Brugarola
260 _aMadrid :
_bStudium
_c, 1967
300 _a716 p.;
_c21 cm
490 0 _aPastoral
_v
650 _aNatalidad-Sociología
_9359651
942 _cBK
999 _c792577
_d792577